|
|
|
|
| LEADER |
01817nam a2200433 i 4500 |
| 001 |
EBC4845320 |
| 003 |
MiAaPQ |
| 005 |
20200923020339.0 |
| 006 |
m o d | |
| 007 |
cr cnu|||||||| |
| 008 |
170828t20172017enka ob 001 0 eng d |
| 020 |
|
|
|z 9781787144927
|
| 020 |
|
|
|a 9781787144910 (e-book)
|
| 020 |
|
|
|z 9781787149465 (Epub)
|
| 035 |
|
|
|a (MiAaPQ)EBC4845320
|
| 035 |
|
|
|a (Au-PeEL)EBL4845320
|
| 035 |
|
|
|a (CaPaEBR)ebr11420927
|
| 035 |
|
|
|a (CaONFJC)MIL1025248
|
| 035 |
|
|
|a (OCoLC)1000138791
|
| 040 |
|
|
|a MiAaPQ
|b eng
|e rda
|e pn
|c MiAaPQ
|d MiAaPQ
|
| 050 |
|
4 |
|a HF5415
|b .Q355 2017
|
| 082 |
0 |
|
|a 658.8
|2 23
|
| 245 |
0 |
0 |
|a Qualitative consumer research /
|c edited by Russell W. Belk.
|
| 264 |
|
1 |
|a Bingley, England :
|b Emerald Publishing,
|c 2017.
|
| 264 |
|
4 |
|c 2017
|
| 300 |
|
|
|a 1 online resource (276 pages) :
|b illustrations (some color).
|
| 336 |
|
|
|a text
|2 rdacontent
|
| 337 |
|
|
|a computer
|2 rdamedia
|
| 338 |
|
|
|a online resource
|2 rdacarrier
|
| 490 |
0 |
|
|a Review of Marketing Research,
|x 1548-6435 ;
|v Volume 14
|
| 504 |
|
|
|a Includes bibliographical references at the end of each chapters and index.
|
| 588 |
|
|
|a Description based on online resource; title from PDF title page (ebrary, viewed August 28, 2017).
|
| 590 |
|
|
|a Electronic reproduction. Ann Arbor, MI : ProQuest, 2016. Available via World Wide Web. Access may be limited to ProQuest affiliated libraries.
|
| 650 |
|
0 |
|a Marketing.
|
| 655 |
|
4 |
|a Electronic books.
|
| 700 |
1 |
|
|a Belk, Russell W.,
|e editor.
|
| 776 |
0 |
8 |
|i Print version:
|t Qualitative consumer research.
|d Bingley, England : Emerald Publishing, c2017
|h xvi, 276 pages
|k Review of Marketing Research ; Volume 14
|z 9781787144927
|
| 797 |
2 |
|
|a ProQuest (Firm)
|
| 856 |
4 |
0 |
|u https://ebookcentral.proquest.com/lib/matrademy/detail.action?docID=4845320
|z Click to View
|